LEADER 01071nam--2200337---450 001 990006008960203316 005 20220317085042.0 010 $a978-2-7283-1061-6 035 $a000600896 035 $aUSA01000600896 035 $a(ALEPH)000600896USA01 035 $a000600896 100 $a20131022d2014----km-y0itay50------ba 101 0 $aita 102 $aIT 105 $a||||||||001yy 200 1 $a<> affare dei morti$emercato funerario, politica e gestione della sepoltura a Napoli (secoli XVII-XIX)$fDiego Carnevale 210 $aRome$cÉcole française de Rome$d2014 215 $aXIV, 551 p.$d24 cm 225 2 $aCollection del l'École française de Rome$v472 410 0$12001$aCollection del l'École française de Rome$v496 606 0 $aCimiteri$yNapoli$zSec. 17.-19.$2BNCF 676 $a363.75 700 1$aCARNEVALE,$bDiego$0619909 801 0$aIT$bsalbc$gISBD 912 $a990006008960203316 951 $aX.3.B. 7404$b248592 L.M.$cX.3.B.$d366992 959 $aBK 969 $aUMA 996 $aAffare dei morti$91078974 997 $aUNISA LEADER 01661cam0-22005531i-450 001 990003802280403321 005 20221220115658.0 010 $a88-15-06744-2 035 $a000380228 035 $aFED01000380228 035 $a(Aleph)000380228FED01 100 $a20030910d1998----km-y0itay50------ba 101 0 $aita 102 $aIT 105 $ay-------001yy 200 1 $aRapporto 1998 sull'economia del Mezzogiorno$fSvimez, Associazione per lo sviluppo dell'industria del Mezzogiorno 210 $aBologna$cil Mulino$d1998 215 $a729 p$d23 cm 225 1 $aCollana della Svimez 610 0 $aItalia meridionale$aCondizioni economiche 610 0 $aFinanza pubblica$aCriminalità e giustizia 610 0 $aItalia meridionale$aEconomia 610 0 $aItalia$aEconomia$aMezzogiorno$a1998 610 0 $aItalia$aEconomia$a1998 676 $a330.9457 676 $a338.9457 676 $a043.003 712 02$aSvimez$9Associazione per lo sviluppo dell'industria nel Mezzogiorno 801 0$aIT$bUNINA$gRICA$2UNIMARC 901 $aBK 912 $a990003802280403321 952 $aFONDO ROSSI 2369$bROSSI 2447$fFARBC 952 $a330.9457 SVI 4$b6979$fBFS 952 $aPaper 01$fSES 952 $a043.003.SVI.07$b1320$fDECGE 952 $aXV Q 34$b86$fDTE 952 $aVI C 1037$b33105$fFSPBC 952 $aXXVI-C-66$b6019$fMAS 952 $a1364 sez. Andriello$b1364$fDARPU 959 $aBFS 959 $aSES 959 $aFARBC 959 $aDECGE 959 $aDTE 959 $aFSPBC 959 $aMAS 959 $aDARPU 996 $aRapporto 1998 sull'economia del Mezzogiorno$92992537 997 $aUNINA